Human resource management / (Record no. 84011)

MARC details
000 -LEADER
fixed length control field 00927nam a22002777a 4500
003 - CONTROL NUMBER IDENTIFIER
control field URS
005 - DATE AND TIME OF LATEST TRANSACTION
control field 20250811084532.0
008 - FIXED-LENGTH DATA ELEMENTS--GENERAL INFORMATION
fixed length control field 250811b |||||||| |||| 00| 0 eng d
020 ## - INTERNATIONAL STANDARD BOOK NUMBER
International Standard Book Number 9781394183593
040 ## - CATALOGING SOURCE
Original cataloging agency DLC
Language of cataloging eng
Transcribing agency URS
Modifying agency DLC
Description conventions rda
050 ## - LIBRARY OF CONGRESS CALL NUMBER
Classification number HF 5549 E45
Item number H880 2024
100 ## - MAIN ENTRY--PERSONAL NAME
Personal name Stone, Raymond J.
Relator term Author
245 ## - TITLE STATEMENT
Title Human resource management /
Statement of responsibility, etc. Raymond J. Stone, Anne Cox, Mihajla Gavin and Joseph Carpini
250 ## - EDITION STATEMENT
Edition statement Eleventh Edition.--
264 ## - PRODUCTION, PUBLICATION, DISTRIBUTION, MANUFACTURE, AND COPYRIGHT NOTICE
Place of production, publication, distribution, manufacture Brisbane, Qld :
Name of producer, publisher, distributor, manufacturer John Wiley & Sons Australia, Ltd.,
Date of production, publication, distribution, manufacture, or copyright notice ©2024.
300 ## - PHYSICAL DESCRIPTION
Extent xiv, 614 pages :
Other physical details Illustrations ;
Dimensions 27 cm
336 ## - CONTENT TYPE
Source rdacontent
Content type term text
337 ## - MEDIA TYPE
Source rdamedia
Media type term unmediated
338 ## - CARRIER TYPE
Source rdacarrier
Carrier type term volume
500 ## - GENERAL NOTE
General note Includes bibliographical references and index.
650 ## - SUBJECT ADDED ENTRY--TOPICAL TERM
Topical term or geographic name entry element Personnel management.
700 ## - ADDED ENTRY--PERSONAL NAME
Personal name Cox, Anne
Relator term Author
700 ## - ADDED ENTRY--PERSONAL NAME
Personal name Gavin, Mihajla
Relator term Author
700 ## - ADDED ENTRY--PERSONAL NAME
Personal name Carpini, Joseph
Relator term Author
942 ## - ADDED ENTRY ELEMENTS (KOHA)
Source of classification or shelving scheme Library of Congress Classification
Koha item type Foreign Books
Holdings
Withdrawn status Source of classification or shelving scheme Damaged status Not for loan Home library Current library Shelving location Date acquired Total Checkouts Full call number Barcode Date last seen Price effective from Koha item type
  Library of Congress Classification     Antipolo College Library Antipolo College Library Foreign Section 08/11/2025   HF 5549 E45 H880 2024 URSANT-06125 08/11/2025 08/11/2025 Foreign Books

University of Rizal System
Email us at univlibservices@urs.edu.ph

Visit our Website www.urs.edu.ph/library